000 00471nam a2200193Ia 4500
005 20250425161415.0
008 250425s9999 xx 000 0 und d
020 _a8426702228
041 _aspa
082 _a621.313
100 _aVEINOTT, CYRIL G
245 0 _aMOTORES ELECTRICOS DE POTENCIA FRACCIONARIA Y SUBFRACCIONARIA
250 _a1A ED.
260 _aBARCELONA
260 _aEspaƱa
_bMARCOMBO
_c1978
300 _a532
942 _c01
010 _a19587
999 _c208597
_d208597